000 00278nam a22001217a 4500
008 180115b xxu||||| |||| 00| 0 eng d
041 _aeng
080 _a574
100 _a5
101 _aBIO
245 _aBIOCHEMISTRY OF PHENOLIC COMPOUNDS
_cHARBORNE.J.B
942 _2udc
_cBK
999 _c40288
_d40288